[Event "Kent Oliver mem."]
[Site "Winnipeg CAN"]
[Date "2001.01.13"]
[Round "3"]
[White "Lafreniere, Adrian"]
[Black "Czarny, Keith"]
[Result "1-0"]
[WhiteElo "1667"]
[BlackElo "1712"]
[PlyCount "65"]
[GameId "2160767911627313"]
[EventDate "2001.01.??"]
[EventType "swiss"]
[EventRounds "5"]
[EventCountry "CAN"]
[SourceTitle "EXT 2005"]
[Source "ChessBase"]
[SourceDate "2004.11.15"]
[SourceVersion "1"]
[SourceVersionDate "2004.11.15"]
[SourceQuality "1"]

1. e4 b6 2. d4 Bb7 3. Nc3 e6 4. a3 Be7 5. Bd3 Nf6 6. Be3 O-O 7. Nh3 h6 8. O-O c5 9. e5 Nh7 10. Qg4 Ng5 11. Nxg5 Bxg5 12. f4 f5 13. exf6 Bxf6 14. dxc5 Nc6 15. cxb6 axb6 16. Qg6 Ne7 17. Qg4 Qe8 18. Bxb6 Nf5 19. Rae1 h5 20. Qe2 Nh4 21. g3 Ng2 22. Ra1 h4 23. Ne4 h3 24. c3 Be7 25. Bd4 Ra4 26. b4 Ra8 27. Qg4 e5 28. Bxe5 Rf7 29. Qxh3 Ne3 30. Rfe1 Nf5 31. Nd6 Nxd6 32. Bxd6 Qd8 33. Qh7+ 1-0

[Event "Kent Oliver mem."]
[Site "Winnipeg CAN"]
[Date "2001.01.13"]
[Round "3"]
[White "Lukic, Luka"]
[Black "Lipnowski, Samuel"]
[Result "0-1"]
[WhiteElo "1966"]
[BlackElo "1991"]
[PlyCount "32"]
[GameId "2160767911627314"]
[EventDate "2001.01.??"]
[EventType "swiss"]
[EventRounds "5"]
[EventCountry "CAN"]
[SourceTitle "EXT 2005"]
[Source "ChessBase"]
[SourceDate "2004.11.15"]
[SourceVersion "1"]
[SourceVersionDate "2004.11.15"]
[SourceQuality "1"]

1. d4 Nf6 2. c4 e6 3. Nc3 Bb4 4. e3 c5 5. Nge2 cxd4 6. exd4 d5 7. a3 Be7 8. c5 O-O 9. Ng3 b6 10. b4 bxc5 11. bxc5 Nc6 12. f4 Qa5 13. Qd2 Ba6 14. Be2 Rab8 15. O-O Nxd4 16. Nxd5 Nxe2+ 0-1

[Event "Kent Oliver mem."]
[Site "Winnipeg CAN"]
[Date "2001.01.13"]
[Round "3"]
[White "Proulx, Roy"]
[Black "Barkman, Daniel"]
[Result "1-0"]
[WhiteElo "1627"]
[BlackElo "1573"]
[PlyCount "93"]
[GameId "2160767911627315"]
[EventDate "2001.01.??"]
[EventType "swiss"]
[EventRounds "5"]
[EventCountry "CAN"]
[SourceTitle "EXT 2005"]
[Source "ChessBase"]
[SourceDate "2004.11.15"]
[SourceVersion "1"]
[SourceVersionDate "2004.11.15"]
[SourceQuality "1"]

1. e4 e6 2. d4 d5 3. e5 c5 4. c3 Nc6 5. Nf3 Qb6 6. Bd3 cxd4 7. cxd4 Bd7 8. O-O Nxd4 9. Nxd4 Qxd4 10. Qe2 Bb4 11. Kh1 Ne7 12. f4 Ng6 13. Be3 Nxf4 14. Bxd4 Nxe2 15. Bxe2 Rc8 16. a3 Be7 17. Bxa7 Rc2 18. Nc3 Rxb2 19. Bd4 O-O 20. Nxd5 Rxe2 21. Nxe7+ Kh8 22. Rae1 Rxe1 23. Rxe1 Re8 24. Bc5 Bb5 25. Bd6 g6 26. Rc1 Kg7 27. Rc8 f6 28. Rc7 fxe5 29. Bxe5+ Kh6 30. Rxb7 Rd8 31. h3 Bc4 32. Bg7+ Kg5 33. h4+ Kxh4 34. Nxg6+ Kg3 35. Be5+ Kg4 36. Rb4 Rd1+ 37. Kh2 Rc1 38. Nf8 Kf5 39. Bd4 e5 40. Bb6 e4 41. Nd7 Kf4 42. g3+ Kf5 43. g4+ Kf4 44. Bc7+ Ke3 45. Nb6 Be6 46. Bd8 Bxg4 47. Bg5+ 1-0

[Event "Kent Oliver mem."]
[Site "Winnipeg CAN"]
[Date "2001.01.13"]
[Round "3"]
[White "Rasmussen, Barry"]
[Black "Nikouline, Alexandre"]
[Result "1-0"]
[WhiteElo "2229"]
[BlackElo "2116"]
[PlyCount "103"]
[GameId "2160767911627316"]
[EventDate "2001.01.??"]
[EventType "swiss"]
[EventRounds "5"]
[EventCountry "CAN"]
[SourceTitle "EXT 2005"]
[Source "ChessBase"]
[SourceDate "2004.11.15"]
[SourceVersion "1"]
[SourceVersionDate "2004.11.15"]
[SourceQuality "1"]

1. e4 e5 2. Nf3 Nc6 3. Bb5 a6 4. Ba4 Nf6 5. O-O Be7 6. Re1 b5 7. Bb3 d6 8. c3 O-O 9. h3 Re8 10. d4 h6 11. a4 Bd7 12. Nbd2 Bf8 13. d5 Na5 14. Bc2 c5 15. b4 Nb7 16. a5 Qc7 17. Nf1 Rec8 18. Bb3 Qd8 19. Bd2 Rc7 20. Qe2 Nh7 21. Rac1 Rac8 22. Ng3 Be7 23. Rcd1 Kh8 24. Ba2 Qf8 25. Nf5 Bxf5 26. exf5 Nf6 27. g4 cxb4 28. cxb4 Nh7 29. h4 Qd8 30. g5 hxg5 31. hxg5 Bxg5 32. Nxg5 Nxg5 33. Qh5+ Nh7 34. Bb1 Qf6 35. Re4 g6 36. Qh3 Qxf5 37. Qg3 Qh5 38. Rde1 Rc4 39. Kg2 Rxe4 40. Bxe4 Rc4 41. f3 f5 42. Rh1 f4 43. Rxh5 fxg3 44. Bxg6 Rc7 45. Bg5 Kg8 46. Rxh7 Rxh7 47. Bxh7+ Kxh7 48. Kxg3 Kg6 49. Kg4 Kf7 50. Kf5 Kg7 51. Ke6 Kg6 52. Be7 1-0

[Event "Kent Oliver mem."]
[Site "Winnipeg CAN"]
[Date "2001.01.14"]
[Round "4"]
[White "Gentes, Kevin"]
[Black "Kaptsan, Aron"]
[Result "1-0"]
[WhiteElo "2348"]
[BlackElo "2122"]
[PlyCount "75"]
[GameId "2160767911627317"]
[EventDate "2001.01.??"]
[EventType "swiss"]
[EventRounds "5"]
[EventCountry "CAN"]
[SourceTitle "EXT 2005"]
[Source "ChessBase"]
[SourceDate "2004.11.15"]
[SourceVersion "1"]
[SourceVersionDate "2004.11.15"]
[SourceQuality "1"]

1. e4 e5 2. f4 d5 3. exd5 e4 4. d3 Qxd5 5. Qe2 Nf6 6. Nd2 Bg4 7. Ngf3 Nc6 8. dxe4 Qh5 9. h3 O-O-O 10. c3 Bc5 11. Rh2 Bxf3 12. Qxf3 Rhe8 13. Be2 Qxf3 14. gxf3 Nh5 15. Nf1 Bd6 16. e5 Be7 17. h4 f6 18. exf6 Bxf6 19. Bd2 Ne7 20. O-O-O g6 21. Kc2 Nf5 22. Bd3 Nxh4 23. Be4 Ng7 24. Ne3 c6 25. Ng4 Be7 26. Rdh1 Nhf5 27. Rxh7 Bd6 28. Rg1 Rh8 29. Rxh8 Rxh8 30. Ne5 Bxe5 31. fxe5 Re8 32. Rxg6 Rxe5 33. Bf4 Re7 34. Rf6 Nh4 35. Rf8+ Kd7 36. Bg5 Ne6 37. Bxe7 Kxe7 38. Rh8 1-0

[Event "Kent Oliver mem."]
[Site "Winnipeg CAN"]
[Date "2001.01.14"]
[Round "4"]
[White "Proulx, Roy"]
[Black "Haapamaki, Eric"]
[Result "0-1"]
[WhiteElo "1628"]
[BlackElo "1768"]
[PlyCount "68"]
[GameId "2160767911627318"]
[EventDate "2001.01.??"]
[EventType "swiss"]
[EventRounds "5"]
[EventCountry "CAN"]
[SourceTitle "EXT 2005"]
[Source "ChessBase"]
[SourceDate "2004.11.15"]
[SourceVersion "1"]
[SourceVersionDate "2004.11.15"]
[SourceQuality "1"]

1. e4 c5 2. Nf3 d6 3. d4 cxd4 4. Nxd4 Nf6 5. Nc3 a6 6. Be2 e5 7. Nb3 Be6 8. Be3 Be7 9. Qd2 b5 10. O-O-O Nbd7 11. f3 O-O 12. Nd5 Bxd5 13. exd5 Nb6 14. Bxb6 Qxb6 15. Bd3 a5 16. Qe2 Rfc8 17. Bf5 Rc7 18. g4 g6 19. Be4 Nxe4 20. fxe4 a4 21. Na1 Bg5+ 22. Kb1 b4 23. h4 Bf4 24. g5 b3 25. cxb3 axb3 26. a3 Rac8 27. h5 Rc2 28. Qf3 Rf2 29. Qxb3 Qxb3 30. Nxb3 Rcc2 31. Nc1 Bxc1 32. hxg6 Bxg5 33. gxh7+ Kh8 34. Rhg1 Rxb2+ 0-1

[Event "Kent Oliver mem."]
[Site "Winnipeg CAN"]
[Date "2001.01.14"]
[Round "4"]
[White "Remillard, John"]
[Black "Katona, Jozsef2"]
[Result "0-1"]
[WhiteElo "1620"]
[BlackElo "1792"]
[PlyCount "56"]
[GameId "2160767911627319"]
[EventDate "2001.01.??"]
[EventType "swiss"]
[EventRounds "5"]
[EventCountry "CAN"]
[SourceTitle "EXT 2005"]
[Source "ChessBase"]
[SourceDate "2004.11.15"]
[SourceVersion "1"]
[SourceVersionDate "2004.11.15"]
[SourceQuality "1"]

1. Nf3 Nf6 2. c4 c5 3. Nc3 d5 4. cxd5 Nxd5 5. d4 e6 6. e4 Nxc3 7. bxc3 Nc6 8. Bb5 Bd7 9. O-O a6 10. Ba4 b5 11. Bb3 Qc7 12. d5 Ne5 13. Bf4 Bd6 14. Nxe5 Bxe5 15. Bxe5 Qxe5 16. dxe6 Bxe6 17. Bxe6 Qxe6 18. Qd5 Qxd5 19. exd5 c4 20. a4 Kd7 21. f4 Kd6 22. Rfd1 Rhc8 23. a5 Rc5 24. Kf2 Re8 25. Ra2 Rxd5 26. Rxd5+ Kxd5 27. Re2 Rxe2+ 28. Kxe2 Kc5 0-1

[Event "Kent Oliver mem."]
[Site "Winnipeg CAN"]
[Date "2001.01.14"]
[Round "4"]
[White "Valvo, Michael"]
[Black "Nikouline, Alexandre"]
[Result "1-0"]
[WhiteElo "2395"]
[BlackElo "2116"]
[PlyCount "63"]
[GameId "2160767911627320"]
[EventDate "2001.01.??"]
[EventType "swiss"]
[EventRounds "5"]
[EventCountry "CAN"]
[SourceTitle "EXT 2005"]
[Source "ChessBase"]
[SourceDate "2004.11.15"]
[SourceVersion "1"]
[SourceVersionDate "2004.11.15"]
[SourceQuality "1"]

1. e4 e5 2. Nf3 Nf6 3. Nc3 Nc6 4. d4 exd4 5. Nxd4 Nxd4 6. Qxd4 d6 7. f3 Be6 8. Bf4 Nd7 9. O-O-O f6 10. Bc4 Bxc4 11. Qxc4 Nb6 12. Qd3 Qd7 13. Be3 O-O-O 14. Bxb6 axb6 15. Nd5 b5 16. Nc3 c6 17. a4 b4 18. Ne2 Qf7 19. Qd4 Qg6 20. g3 f5 21. Nf4 Qf7 22. Qxb4 g5 23. Nd3 d5 24. Qb3 fxe4 25. fxe4 Qc7 26. Rhf1 h5 27. Rde1 h4 28. exd5 hxg3 29. hxg3 Rxd5 30. Re8+ Rd8 31. Qe6+ Qd7 32. Rxd8+ 1-0

[Event "Kent Oliver mem."]
[Site "Winnipeg CAN"]
[Date "2001.01.14"]
[Round "5"]
[White "Charter, Bennet"]
[Black "Katona, Jozsef2"]
[Result "0-1"]
[WhiteElo "1748"]
[BlackElo "1792"]
[PlyCount "36"]
[GameId "2160767911627321"]
[EventDate "2001.01.??"]
[EventType "swiss"]
[EventRounds "5"]
[EventCountry "CAN"]
[SourceTitle "EXT 2005"]
[Source "ChessBase"]
[SourceDate "2004.11.15"]
[SourceVersion "1"]
[SourceVersionDate "2004.11.15"]
[SourceQuality "1"]

1. e4 d6 2. d4 Nf6 3. Nc3 g6 4. f4 Bg7 5. Nf3 O-O 6. Bd3 c5 7. Be3 cxd4 8. Nxd4 Ng4 9. Qe2 Nxe3 10. Qxe3 Qb6 11. e5 dxe5 12. fxe5 Qxb2 13. Kd2 Nc6 14. Nxc6 bxc6 15. a3 Qb6 16. Qg3 Rd8 17. Ne2 Qa5+ 18. c3 Bf5 0-1

[Event "Kent Oliver mem."]
[Site "Winnipeg CAN"]
[Date "2001.01.14"]
[Round "5"]
[White "Kaptsan, Aron"]
[Black "Nikouline, Alexandre"]
[Result "1-0"]
[WhiteElo "2122"]
[BlackElo "2116"]
[PlyCount "37"]
[GameId "2160767911627323"]
[EventDate "2001.01.??"]
[EventType "swiss"]
[EventRounds "5"]
[EventCountry "CAN"]
[SourceTitle "EXT 2005"]
[Source "ChessBase"]
[SourceDate "2004.11.15"]
[SourceVersion "1"]
[SourceVersionDate "2004.11.15"]
[SourceQuality "1"]

1. d4 e6 2. c4 Nf6 3. Nc3 Bb4 4. e3 c5 5. Bd3 Nc6 6. Nge2 O-O 7. O-O cxd4 8. exd4 Bd6 9. a3 Bb8 10. Bg5 Bxh2+ 11. Kxh2 Ng4+ 12. Kg3 Qxg5 13. f4 Qe7 14. Kxg4 e5 15. Kg3 exf4+ 16. Rxf4 f5 17. Qd2 g5 18. Rxf5 Qd6+ 19. Kf2 1-0

[Event "Kent Oliver mem."]
[Site "Winnipeg CAN"]
[Date "2001.01.14"]
[Round "5"]
[White "Lipnowski, Samuel"]
[Black "Valvo, Michael"]
[Result "1-0"]
[WhiteElo "1991"]
[BlackElo "2395"]
[PlyCount "45"]
[GameId "2160767911627324"]
[EventDate "2001.01.??"]
[EventType "swiss"]
[EventRounds "5"]
[EventCountry "CAN"]
[SourceTitle "EXT 2005"]
[Source "ChessBase"]
[SourceDate "2004.11.15"]
[SourceVersion "1"]
[SourceVersionDate "2004.11.15"]
[SourceQuality "1"]

1. e4 c5 2. Nf3 d6 3. d4 Nf6 4. Nc3 cxd4 5. Nxd4 g6 6. Be3 Bg7 7. f3 Nc6 8. Qd2 O-O 9. O-O-O Nxd4 10. Bxd4 Be6 11. Kb1 Qc7 12. Nd5 Bxd5 13. exd5 a5 14. h4 h5 15. g4 hxg4 16. fxg4 Ne4 17. Qe3 Bxd4 18. Rxd4 Nf6 19. h5 Kg7 20. Bd3 Rh8 21. h6+ Kf8 22. Rf1 Nd7 23. Bxg6 1-0

[Event "Kent Oliver mem."]
[Site "Winnipeg CAN"]
[Date "2001.01.14"]
[Round "5"]
[White "Rasmussen, Barry"]
[Black "Gentes, Kevin"]
[Result "0-1"]
[WhiteElo "2229"]
[BlackElo "2348"]
[PlyCount "48"]
[GameId "2160767911627325"]
[EventDate "2001.01.??"]
[EventType "swiss"]
[EventRounds "5"]
[EventCountry "CAN"]
[SourceTitle "EXT 2005"]
[Source "ChessBase"]
[SourceDate "2004.11.15"]
[SourceVersion "1"]
[SourceVersionDate "2004.11.15"]
[SourceQuality "1"]

1. e4 c5 2. Nf3 e6 3. d4 cxd4 4. Nxd4 Nf6 5. Nc3 d6 6. g4 h6 7. Rg1 a6 8. h4 Nfd7 9. g5 hxg5 10. Bxg5 Qb6 11. Qd2 Qxb2 12. Rb1 Qa3 13. Ncb5 axb5 14. Nxb5 Qc5 15. Rg3 Na6 16. Rc3 Qe5 17. f4 Qxe4+ 18. Kf2 d5 19. Re1 Ndc5 20. Bg2 Qb4 21. Bxd5 f6 22. Nd4 fxg5 23. Nxe6 Bxe6 24. Bxe6 Qxf4+ 0-1

[Event "Khalif"]
[Site "Charlesbourg CAN"]
[Date "2001.03.05"]
[Round "4"]
[White "Plante, Rejean"]
[Black "Beaudoin, Stephane"]
[Result "1-0"]
[WhiteElo "2167"]
[BlackElo "1950"]
[PlyCount "46"]
[GameId "2160767911610463"]
[EventDate "2001.02.12"]
[EventType "swiss"]
[EventRounds "5"]
[EventCountry "CAN"]

1. d4 g6 2. c4 Bg7 3. Nc3 d6 4. e4 Nd7 5. Be3 a6 6. Qd2 c5 7. Rd1 cxd4 8. Bxd4 Ngf6 9. Nf3 O-O 10. h3 Qa5 11. Bd3 Qh5 12. Be2 Nc5 13. Ng5 Bg4 14. f3 Bh6 15. h4 Bd7 16. e5 Ne6 17. Be3 Bxg5 18. Bxg5 Nxg5 19. exf6 exf6 20. Nd5 Nxf3+ 21. Bxf3 Qe5+ 22. Kf2 Kg7 23. Rde1 Rae8 1-0

[Event "Kingston CC ch"]
[Site "Kingston CAN"]
[Date "2001.02.06"]
[Round "1"]
[White "Coppin, Wayne"]
[Black "Dixon, Frank"]
[Result "1-0"]
[WhiteElo "2090"]
[BlackElo "1944"]
[PlyCount "77"]
[GameId "2160767911610507"]
[EventDate "2001.02.06"]
[EventType "tourn"]
[EventRounds "10"]
[EventCountry "CAN"]

1. b4 a5 2. b5 b6 3. Nf3 Bb7 4. e3 Nf6 5. c4 d6 6. d4 Nbd7 7. Bb2 g6 8. Be2 Bg7 9. O-O O-O 10. Nc3 Re8 11. Qc2 e5 12. Rfd1 Qe7 13. dxe5 dxe5 14. Nd5 Nxd5 15. cxd5 Rac8 16. e4 Kh8 17. Bc1 f6 18. Be3 Nf8 19. Rac1 Red8 20. Bc4 Ra8 21. h4 Rd6 22. h5 g5 23. Nh2 Bc8 24. Be2 Rd7 25. Bg4 Ra7 26. Bf5 Rd8 27. d6 Qf7 28. Bxc8 Rxc8 29. Bxb6 Rb7 30. Bxc7 Rxb5 31. Qd3 Qd7 32. Ng4 h6 33. Ne3 Ne6 34. Nd5 Nf4 35. Qc4 Qg4 36. Nxf4 Rb4 37. Qe6 Qxe6 38. Nxe6 Rxe4 39. d7 1-0

[Event "Kingston op"]
[Site "Kingston CAN"]
[Date "2001.02.10"]
[Round "2"]
[White "Djerkovic, Miladin"]
[Black "Kirby, Patrick"]
[Result "1/2-1/2"]
[WhiteElo "2275"]
[BlackElo "2130"]
[PlyCount "87"]
[GameId "2160767911610496"]
[EventDate "2001.02.09"]
[EventType "swiss"]
[EventRounds "4"]
[EventCountry "CAN"]

1. e4 e5 2. Nf3 Nc6 3. Bb5 a6 4. Ba4 Nf6 5. O-O Bc5 6. c3 b5 7. Bb3 d6 8. d4 Bb6 9. Re1 O-O 10. Be3 Bg4 11. d5 Bxe3 12. Rxe3 Ne7 13. a4 Rb8 14. axb5 axb5 15. Nbd2 Nd7 16. h3 Bxf3 17. Rxf3 Nc5 18. Bc2 b4 19. Nc4 b3 20. Bd3 f5 21. Re3 f4 22. Re1 Qd7 23. Be2 Kh8 24. Bg4 Qb5 25. Be2 f3 26. gxf3 Qd7 27. Kh2 Ng6 28. Rg1 Nf4 29. Bf1 Rf6 30. Rg3 Rh6 31. Ra5 Qe8 32. Ra7 Qd7 33. Qa1 Ncd3 34. Qa5 Rc8 35. Nb6 cxb6 36. Qa6 Qe8 37. Bxd3 Nh5 38. Rg5 Rb8 39. Qb5 Qd8 40. Rg4 Qf8 41. Be2 Nf4 42. Rg3 Nh5 43. Rg4 Nf4 44. Rg3 1/2-1/2

[Event "Kingston op"]
[Site "Kingston CAN"]
[Date "2001.02.10"]
[Round "2"]
[White "Sibbald, Peter"]
[Black "Harkes, Lewis"]
[Result "1-0"]
[WhiteElo "1999"]
[BlackElo "2132"]
[PlyCount "61"]
[GameId "2160767911610497"]
[EventDate "2001.02.09"]
[EventType "swiss"]
[EventRounds "4"]
[EventCountry "CAN"]

1. e4 e6 2. d4 d5 3. Nc3 Bb4 4. e5 c5 5. a3 Ba5 6. b4 cxd4 7. Nb5 Bc7 8. Nf3 Nd7 9. Qxd4 a6 10. Nxc7+ Qxc7 11. Bd3 Ne7 12. Bb2 Nb6 13. O-O Bd7 14. Ng5 Na4 15. Bc1 Nc6 16. Qf4 Nxe5 17. Nxf7 Qc3 18. Qxe5 Kxf7 19. Bf4 Rac8 20. Qh5+ g6 21. Qg5 Qf6 22. Qg3 Rhf8 23. Be5 Qd8 24. Qh3 h5 25. Qe3 Be8 26. Qh6 Rg8 27. Rae1 Rc7 28. Re3 Bb5 29. Qh7+ Kf8 30. Rf3+ Ke8 31. Bxg6+ 1-0

[Event "Kingston op"]
[Site "Kingston CAN"]
[Date "2001.02.10"]
[Round "3"]
[White "Voloaca, Mihnea"]
[Black "Djerkovic, Miladin"]
[Result "1-0"]
[WhiteElo "2210"]
[BlackElo "2275"]
[PlyCount "59"]
[GameId "2160767911610498"]
[EventDate "2001.02.09"]
[EventType "swiss"]
[EventRounds "4"]
[EventCountry "CAN"]

1. Nf3 Nf6 2. c4 b6 3. Nc3 Bb7 4. d4 e6 5. a3 c5 6. d5 exd5 7. cxd5 d6 8. e4 g6 9. Bb5+ Nbd7 10. e5 dxe5 11. Nxe5 a6 12. Bc6 Qc7 13. O-O Bxc6 14. Nxc6 Bg7 15. Re1+ Kf8 16. Qf3 h6 17. Bf4 Qb7 18. Re7 Kg8 19. Rae1 Rf8 20. Qh3 Qc8 21. Bd6 Kh7 22. R7e2 Re8 23. Ne7 Qd8 24. Bf4 Rhf8 25. d6 Nh5 26. Bc1 Nb8 27. g4 Qd7 28. Ncd5 Nf6 29. Nxf6+ Bxf6 30. Qxh6# 1-0

[Event "Kingston op"]
[Site "Kingston CAN"]
[Date "2001.02.11"]
[Round "4"]
[White "Dixon, Frank"]
[Black "Hutchison, Robert"]
[Result "1-0"]
[WhiteElo "1940"]
[BlackElo "1854"]
[PlyCount "107"]
[GameId "2160767911610499"]
[EventDate "2001.02.09"]
[EventType "swiss"]
[EventRounds "4"]
[EventCountry "CAN"]

1. e4 c5 2. Nf3 Nc6 3. d4 cxd4 4. Nxd4 e6 5. Nb5 d6 6. Bf4 e5 7. Be3 a6 8. N5c3 Nf6 9. Bg5 Be7 10. Bxf6 Bxf6 11. Nd5 O-O 12. Bd3 Be7 13. O-O Be6 14. c4 Bg5 15. Nbc3 Rb8 16. a4 Nd4 17. f4 exf4 18. Nxf4 Bf6 19. Ncd5 Be5 20. Kh1 Qg5 21. Ra3 Bg4 22. Qe1 h5 23. Rf2 h4 24. Bf1 Ne6 25. Nh3 Qd8 26. b4 Nd4 27. Qe3 Ne6 28. Rd3 b6 29. Nhf4 Nxf4 30. Nxf4 Qd7 31. Nd5 Qd8 32. Be2 Be6 33. Bh5 b5 34. axb5 axb5 35. c5 Ra8 36. cxd6 Ra1+ 37. Bd1 Bg4 38. Ne7+ Kh7 39. Rfd2 Bf6 40. e5 Bxe7 41. Qe4+ g6 42. Qxg4 Bg5 43. Rc2 Rc1 44. Rxc1 Bxc1 45. Qd4 Bg5 46. Qd5 Qd7 47. Bf3 Rc8 48. Rd1 Rc4 49. e6 Qxe6 50. Qxg5 Rd4 51. Qc1 Qxd6 52. Rxd4 Qxd4 53. Qe1 g5 54. Qe4+ 1-0

[Event "Kingston op"]
[Site "Kingston CAN"]
[Date "2001.02.11"]
[Round "4"]
[White "Voloaca, Mihnea"]
[Black "McKay, Geoff"]
[Result "1/2-1/2"]
[WhiteElo "2210"]
[BlackElo "2113"]
[PlyCount "67"]
[GameId "2160767911610500"]
[EventDate "2001.02.09"]
[EventType "swiss"]
[EventRounds "4"]
[EventCountry "CAN"]

1. Nf3 g6 2. c4 Nf6 3. Nc3 d5 4. cxd5 Nxd5 5. Qa4+ Nc6 6. Nxd5 Qxd5 7. e4 Qc5 8. Bb5 Bd7 9. d4 Qb4+ 10. Bd2 Qxa4 11. Bxa4 Bg7 12. Bc3 O-O-O 13. Rd1 f6 14. Bb3 e5 15. dxe5 Nxe5 16. Nd4 Rhe8 17. O-O c5 18. Nf3 Bb5 19. Rxd8+ Rxd8 20. Rd1 Rxd1+ 21. Bxd1 Bc6 22. Nxe5 fxe5 23. Bc2 Kd7 24. f4 b5 25. b3 h5 26. Kf2 Ke6 27. Kf3 Bf6 28. h4 exf4 29. Bxf6 Kxf6 30. Kxf4 Be8 31. Bd3 a5 32. a3 Bf7 33. Bc2 Be8 34. Bd3 1/2-1/2

[Event "Kingston op"]
[Site "Kingston CAN"]
[Date "2001.02.11"]
[Round "4"]
[White "Webb, Robert"]
[Black "Brice, Ron"]
[Result "0-1"]
[WhiteElo "1846"]
[BlackElo "2139"]
[PlyCount "70"]
[GameId "2160767911610501"]
[EventDate "2001.02.09"]
[EventType "swiss"]
[EventRounds "4"]
[EventCountry "CAN"]

1. d4 Nf6 2. c4 c5 3. d5 e6 4. Nc3 exd5 5. cxd5 d6 6. e4 g6 7. Bd3 Bg7 8. Nge2 O-O 9. O-O a6 10. a4 Qc7 11. h3 Nbd7 12. Bc2 Re8 13. f4 Rb8 14. Ng3 b5 15. axb5 axb5 16. Qf3 b4 17. Nce2 Nb6 18. f5 Rf8 19. Bg5 h6 20. Bxf6 Bxf6 21. fxg6 fxg6 22. Kh1 Qg7 23. Qb3 Bxb2 24. Rxf8+ Kxf8 25. Rf1+ Kg8 26. Rf3 Be5 27. Nf4 Bxf4 28. Rxf4 Ra8 29. Kh2 Ra3 30. Qb1 Nc4 31. e5 Nxe5 32. Ne4 Nd7 33. Qf1 Qe5 34. Ng3 Rxg3 35. Kxg3 g5 0-1

[Event "Kitchener KW active"]
[Site "Kitchener CAN"]
[Date "2001.09.25"]
[Round "5"]
[White "Knechtel, Tim"]
[Black "Allen, Graham"]
[Result "1-0"]
[WhiteElo "1760"]
[BlackElo "1929"]
[PlyCount "49"]
[GameId "2160767911485172"]
[EventDate "2001.09.25"]
[EventType "swiss (rapid)"]
[EventRounds "5"]
[EventCountry "CAN"]
[SourceTitle "CFC 2001.12"]
[Source "CFC"]
[SourceDate "2001.12.??"]
[SourceVersionDate "2001.12.??"]
[SourceQuality "1"]

1. d4 Nf6 2. Bg5 g6 3. c4 Bg7 4. Nc3 O-O 5. e4 d6 6. Nge2 Nbd7 7. Ng3 c5 8. d5 h6 9. Be3 Kh7 10. Be2 Qa5 11. Bd2 a6 12. f4 Qc7 13. h4 e6 14. h5 exd5 15. cxd5 Kg8 16. Qc2 b5 17. hxg6 fxg6 18. e5 dxe5 19. Qxg6 exf4 20. Nf5 Ne5 21. Nxh6+ Kh8 22. Ng4+ Kg8 23. Nh6+ Kh8 24. Nf7+ Kg8 25. Rh8# 1-0

[Event "Kitchener Masters"]
[Site "Kitchener CAN"]
[Date "2001.09.15"]
[Round "1"]
[White "Allen, Graham"]
[Black "Vaingorten, Yaaqov"]
[Result "0-1"]
[WhiteElo "2175"]
[BlackElo "2250"]
[PlyCount "57"]
[GameId "2160767911485206"]
[EventDate "2001.09.15"]
[EventType "tourn"]
[EventRounds "9"]
[EventCountry "CAN"]
[SourceTitle "EXT 2022"]
[Source "ChessBase"]
[SourceDate "2021.10.06"]
[SourceVersion "1"]
[SourceVersionDate "2021.10.06"]
[SourceQuality "1"]

1. d4 Nf6 2. c4 e6 3. Nf3 b6 4. e3 Bb7 5. Bd3 Bb4+ 6. Bd2 Be7 7. O-O c5 8. Nc3 O-O 9. a3 cxd4 10. exd4 d6 11. Bg5 Nbd7 12. Qe2 Qc7 13. Rac1 Rac8 14. d5 e5 15. Bf5 a6 16. Ne4 Rce8 17. Nfd2 Nxe4 18. Bxe7 Rxe7 19. Nxe4 Bc8 20. Rc3 h6 21. Qg4 Kh8 22. Rg3 Rg8 23. Qh4 Ree8 24. Rc1 Nc5 25. Rxg7 Kxg7 26. Qf6+ Kf8 27. Qxh6+ Rg7 28. Bxc8 Nxe4 29. Qh8+ 0-1

[Event "Kitchener Masters"]
[Site "Kitchener CAN"]
[Date "2001.09.15"]
[Round "1"]
[White "Jung, Hans"]
[Black "Peredun, Andrew"]
[Result "0-1"]
[WhiteElo "2291"]
[BlackElo "2268"]
[PlyCount "120"]
[GameId "2160767911485207"]
[EventDate "2001.09.15"]
[EventType "tourn"]
[EventRounds "9"]
[EventCountry "CAN"]
[SourceTitle "EXT 2022"]
[Source "ChessBase"]
[SourceDate "2021.10.06"]
[SourceVersion "1"]
[SourceVersionDate "2021.10.06"]
[SourceQuality "1"]

1. e4 c5 2. Nf3 Nc6 3. Nc3 d6 4. h3 e6 5. Be2 Nf6 6. O-O Be7 7. d3 a6 8. a4 b6 9. Be3 Bb7 10. Qd2 O-O 11. Nd1 d5 12. exd5 Nxd5 13. c3 Nxe3 14. fxe3 Qc7 15. Nf2 Rad8 16. Qc2 Ne5 17. Nxe5 Qxe5 18. Ng4 Qd6 19. d4 f5 20. Ne5 Bg5 21. Nc4 Qc7 22. Qb3 Bd5 23. Qxb6 Bxe3+ 24. Kh1 Qg3 25. Rf3 Bxf3 26. Bxf3 Bf4 27. Kg1 cxd4 28. cxd4 Qh2+ 29. Kf2 Bg3+ 30. Ke2 e5 31. dxe5 Bxe5 32. Qe6+ Kh8 33. Nxe5 Rfe8 34. Nf7+ Kg8 35. Nxd8+ Rxe6+ 36. Nxe6 Qe5+ 37. Kf1 Qxe6 38. b4 Qc4+ 39. Be2 Qf4+ 40. Bf3 Qxb4 41. a5 Qb2 42. Rd1 Qb5+ 43. Be2 Qxa5 44. Rd6 Qa1+ 45. Rd1 Qa3 46. Rd7 Qc1+ 47. Kf2 Qc5+ 48. Kf1 a5 49. Rd8+ Kf7 50. Ra8 Kf6 51. Ra6+ Ke5 52. Ra8 Kf4 53. Bf3 Qe3 54. Rc8 Kg3 55. Rc2 a4 56. Re2 Qc1+ 57. Re1 Qc4+ 58. Be2 Qf4+ 59. Bf3 a3 60. Ra1 Qd4 0-1

[Event "Kitchener Masters"]
[Site "Kitchener CAN"]
[Date "2001.09.15"]
[Round "1"]
[White "Kret, Ted"]
[Black "Gurevich, Artjom"]
[Result "0-1"]
[WhiteElo "2219"]
[BlackElo "2297"]
[PlyCount "54"]
[GameId "2160767911485208"]
[EventDate "2001.09.15"]
[EventType "tourn"]
[EventRounds "9"]
[EventCountry "CAN"]
[SourceTitle "EXT 2022"]
[Source "ChessBase"]
[SourceDate "2021.10.06"]
[SourceVersion "1"]
[SourceVersionDate "2021.10.06"]
[SourceQuality "1"]

1. d4 Nf6 2. c4 e6 3. g3 d5 4. Bg2 Be7 5. Nf3 O-O 6. O-O dxc4 7. Qc2 a6 8. Qxc4 b5 9. Qc2 Bb7 10. Nc3 Nc6 11. Rd1 Nb4 12. Qb3 h6 13. a3 Nbd5 14. Na4 Nd7 15. Bd2 Qb8 16. Nc3 c5 17. Rac1 Qa7 18. Nxd5 Bxd5 19. Qd3 cxd4 20. Nxd4 Ne5 21. Qc3 Bxg2 22. Kxg2 Qb7+ 23. Kg1 Nc4 24. Qb3 Qe4 25. Bc3 Bg5 26. Qc2 Qb7 27. Ra1 Ne3 0-1